[Event "Titled Tuesday intern op 23rd Apr Late"]
[Site "Chess.com INT"]
[Date "2024.04.23"]
[Round "4"]
[White "Alvarez Albiol, Victor"]
[Black "Skatchkov, Valery"]
[Result "0-1"]
[WhiteElo "2105"]
[BlackElo "2201"]
[PlyCount "60"]
[EventDate "2024.04.23"]
[EventType "swiss (blitz)"]
[EventRounds "11"]
[EventCountry "USA"]
[SourceTitle "CB18_2024"]
[SourceDate "2024.05.01"]
[SourceVersion "1"]
[SourceVersionDate "2024.05.01"]
[SourceQuality "2"]

1. e4 e5 2. Nf3 d5 3. exd5 e4 4. Qe2 Nf6 5. Nc3 Be7 6. Nxe4 Nxd5 7. g3 0-0 8. Bg2 Nc6 9. 0-0 Bg4 10. c3 Re8 11. d3 f5 12. Ned2 Bf6 13. Qd1 Ne5 14. d4 Nd3 15. Qb3 Nxc1 16. Raxc1 Kh8 17. Ne5 Bxe5 18. dxe5 Ne3 19. fxe3 Qxd2 20. Qxb7 Qxe3+ 21. Kh1 Rab8 22. Qxc7 Rxb2 23. Qc6 Qxe5 24. h3 Bh5 25. Rce1 Qxe1 26. Rxe1 Rxe1+ 27. Kh2 Ree2 28. Qc8+ Be8 29. Qa8 Rxg2+ 30. Kh1 Rge2 0-1

[Event "Titled Tuesday intern op 23rd Apr Late"]
[Site "Chess.com INT"]
[Date "2024.04.23"]
[Round "9"]
[White "Paravyan, David"]
[Black "Skatchkov, Valery"]
[Result "1-0"]
[WhiteElo "2606"]
[BlackElo "2201"]
[PlyCount "77"]
[EventDate "2024.04.23"]
[EventType "swiss (blitz)"]
[EventRounds "11"]
[EventCountry "USA"]
[SourceTitle "CB18_2024"]
[SourceDate "2024.05.01"]
[SourceVersion "1"]
[SourceVersionDate "2024.05.01"]
[SourceQuality "2"]

1. e4 e5 2. Nf3 Nf6 3. Nxe5 d6 4. Nf3 Nxe4 5. Nc3 Nxc3 6. dxc3 Be7 7. Be3 0-0 8. Qd2 Nd7 9. 0-0-0 Nf6 10. Bd3 c5 11. Kb1 b5 12. Rhe1 d5 13. Bg5 Be6 14. Qf4 Re8 15. Bxb5 Rf8 16. Ne5 Nh5 17. Bxe7 Qxe7 18. Qf3 Nf6 19. c4 d4 20. g4 Rab8 21. g5 Ne8 22. Nc6 Qb7 23. Ne5 Qxf3 24. Nxf3 Nd6 25. b3 Bg4 26. Bc6 Nxc4 27. Kc1 Rbc8 28. bxc4 Rxc6 29. Ne5 Bxd1 30. Nxc6 Bg4 31. Re5 f6 32. Rxc5 fxg5 33. Rxg5 Be6 34. c5 Rxf2 35. Nxd4 Bc8 36. Rd5 Kf7 37. Rd8 Bh3 38. c6 Rf6 39. c7 1-0

[Event "Titled Tuesday intern op 16th Apr Early"]
[Site "Chess.com INT"]
[Date "2024.04.16"]
[Round "1"]
[White "Garrido, Denis"]
[Black "Skatchkov, Valery"]
[Result "0-1"]
[WhiteElo "2230"]
[BlackElo "2201"]
[PlyCount "52"]
[EventDate "2024.04.16"]
[EventType "swiss (blitz)"]
[EventRounds "11"]
[EventCountry "USA"]
[SourceTitle "CB17_2024"]
[SourceDate "2024.04.24"]
[SourceVersion "1"]
[SourceVersionDate "2024.04.24"]
[SourceQuality "1"]

1. d4 d5 2. c4 e6 3. Nc3 c5 4. cxd5 cxd4 5. Qxd4 Nc6 6. Qd1 exd5 7. Qxd5 Bd6 8. Bg5 Nf6 9. Bxf6 Qxf6 10. 0-0-0 Be5 11. Qc5 Bd4 12. Qa3 Qxf2 13. Nf3 Qe3+ 14. Nd2 Bf5 15. Nd5 Qxa3 16. bxa3 0-0-0 17. e4 Bg4 18. Nf3 Bc5 19. Kb2 Rhe8 20. Bd3 Ne5 21. Rc1 Nxd3+ 22. Kb3 Nxc1+ 23. Rxc1 b6 24. Nd4 Rxe4 25. Nc6 Rxd5 26. Ne7+ Rxe7 0-1

[Event "Titled Tuesday intern op 02nd Apr Early"]
[Site "Chess.com INT"]
[Date "2024.04.02"]
[Round "4"]
[White "Skatchkov, Valery"]
[Black "Krawczyk, Flawian"]
[Result "0-1"]
[WhiteElo "2201"]
[BlackElo "2315"]
[PlyCount "64"]
[EventDate "2024.04.02"]
[EventType "swiss (blitz)"]
[EventRounds "11"]
[EventCountry "USA"]
[SourceTitle "CB15_2024"]
[SourceDate "2024.04.10"]
[SourceVersion "1"]
[SourceVersionDate "2024.04.10"]
[SourceQuality "1"]

1. d4 Nf6 2. c4 c5 3. d5 b5 4. Nf3 bxc4 5. Nc3 d6 6. e4 g6 7. Bxc4 Bg7 8. 0-0 0-0 9. e5 Ne8 10. Bf4 Nd7 11. Re1 Rb8 12. Qd2 Rb4 13. b3 dxe5 14. Nxe5 Nxe5 15. Bxe5 Bxe5 16. Rxe5 Nd6 17. Rae1 Rxc4 18. bxc4 Nxc4 19. Qf4 Nxe5 20. Qxe5 Qa5 21. Re3 Bd7 22. h4 Re8 23. Ne4 f6 24. Qg3 Qxa2 25. h5 Kf7 26. hxg6+ hxg6 27. Qh4 Kg7 28. d6 Rh8 29. Qxh8+ Kxh8 30. dxe7 Qa1+ 31. Kh2 Qe5+ 32. Ng3 Qb8 0-1

[Event "Titled Tuesday intern op 12th Mar Late"]
[Site "Chess.com INT"]
[Date "2024.03.12"]
[Round "2"]
[White "Skatchkov, Valery"]
[Black "Sjugirov, Sanan"]
[Result "0-1"]
[WhiteElo "2200"]
[BlackElo "2690"]
[PlyCount "78"]
[EventDate "2024.03.12"]
[EventType "swiss (blitz)"]
[EventRounds "11"]
[EventCountry "USA"]
[SourceTitle "CB12_2024"]
[SourceDate "2023.10.01"]
[SourceVersion "1"]
[SourceVersionDate "2023.10.01"]
[SourceQuality "1"]

1. d4 d5 2. c4 e6 3. Nf3 Nf6 4. g3 Bb4+ 5. Bd2 Be7 6. Bg2 0-0 7. 0-0 c6 8. Qc2 Nbd7 9. Bf4 a5 10. Rd1 h6 11. Ne5 a4 12. Nc3 a3 13. e4 axb2 14. Qxb2 Qa5 15. exd5 exd5 16. cxd5 cxd5 17. Qb3 Nb6 18. Rab1 Bf5 19. Qxb6 Qxc3 20. Rbc1 Qb4 21. Qxb4 Bxb4 22. Rc7 Rxa2 23. Rxb7 Bc3 24. h3 Be4 25. Ng4 Nxg4 26. hxg4 Re8 27. Rb8 Rxb8 28. Bxb8 Bxg2 29. Kxg2 Ra4 30. Rd3 Bxd4 31. Bf4 f6 32. Kf3 Kf7 33. Rb3 Ke6 34. Rb7 g5 35. Be3 Ra3 36. Rb8 Bxe3 37. fxe3 d4 38. Rb6+ Kf7 39. Rd6 Rxe3+ 0-1

[Event "Titled Tuesday intern op 12th Mar Late"]
[Site "Chess.com INT"]
[Date "2024.03.12"]
[Round "6"]
[White "Skatchkov, Valery"]
[Black "Tan, Ralph"]
[Result "1-0"]
[WhiteElo "2200"]
[BlackElo "2004"]
[PlyCount "91"]
[EventDate "2024.03.12"]
[EventType "swiss (blitz)"]
[EventRounds "11"]
[EventCountry "USA"]
[SourceTitle "CB12_2024"]
[SourceDate "2023.10.01"]
[SourceVersion "1"]
[SourceVersionDate "2023.10.01"]
[SourceQuality "1"]

1. d4 d5 2. c4 e6 3. Nf3 Be7 4. g3 Nf6 5. Bg2 0-0 6. Nc3 dxc4 7. Ne5 Qd6 8. 0-0 Rd8 9. Nb5 Qb6 10. a4 Nd5 11. Nxc4 Qc6 12. Ne5 Qb6 13. e4 Nb4 14. Be3 c5 15. dxc5 Rxd1 16. cxb6 Rxf1+ 17. Bxf1 axb6 18. Nc7 Ra5 19. Bb5 Bc5 20. Nc4 Bxe3 21. fxe3 Ra7 22. Nxb6 Bd7 23. Rd1 h5 24. Nxd7 Nxd7 25. Rxd7 Nc2 26. Kf2 Na1 27. Rd8+ Kh7 28. Ra8 Rxa8 29. Nxa8 Nb3 30. Nb6 Nc5 31. Kf3 g6 32. Nc4 Kg7 33. Nd6 Kf6 34. b4 Nb3 35. Nxb7 Nd2+ 36. Ke2 Nxe4 37. Nc5 Nc3+ 38. Kd3 Nd5 39. a5 Nxb4+ 40. Kc4 Nd5 41. e4 Nc7 42. Nd3 Ke7 43. Kc5 f6 44. Kb6 Ne8 45. Bxe8 Kxe8 46. a6 1-0

[Event "Ufa Startsev Memorial Blitz"]
[Site "Ufa"]
[Date "2024.02.03"]
[Round "7"]
[White "Smirnov, Pavel"]
[Black "Skatchkov, Valery"]
[Result "1-0"]
[WhiteElo "2530"]
[BlackElo "2213"]
[PlyCount "135"]
[EventDate "2024.02.03"]
[EventType "swiss (blitz)"]
[EventRounds "13"]
[EventCountry "RUS"]
[SourceTitle "CB07_2024"]
[SourceDate "2024.02.14"]
[SourceVersion "1"]
[SourceVersionDate "2024.02.14"]
[SourceQuality "1"]

1. d4 Nf6 2. c4 e6 3. g3 d5 4. Nf3 Bb4+ 5. Bd2 a5 6. Bg2 0-0 7. Qc2 c5 8. cxd5 cxd4 9. Nxd4 Qb6 10. e3 exd5 11. 0-0 Nc6 12. Nxc6 bxc6 13. Rc1 Rb8 14. Bxb4 Qxb4 15. b3 h5 16. Nd2 h4 17. a3 Qe7 18. Qxc6 h3 19. Bf1 Bb7 20. Qc5 Qe6 21. Qd4 Ba6 22. Qf4 Bxf1 23. Rxf1 Qa6 24. b4 axb4 25. axb4 Qd3 26. Nf3 Ne4 27. Rad1 Qb3 28. Nd4 Qxb4 29. Qf5 Rb6 30. Qxh3 Rf6 31. Qg2 Qb2 32. f3 Qxg2+ 33. Kxg2 Nd6 34. Nc2 Rc8 35. Rf2 Nf5 36. Rd3 Re6 37. g4 Rxc2 38. gxf5 Rxf2+ 39. Kxf2 Re5 40. Kg3 Rxf5 41. f4 g6 42. Kg4 Kg7 43. h4 Kf6 44. Ra3 Kg7 45. Ra6 Rf6 46. Ra4 Rb6 47. Rd4 Rb3 48. Kf3 Rb5 49. Rd1 Kf6 50. Rc1 Rb3 51. Rc6+ Ke7 52. Ke2 d4 53. exd4 Rh3 54. Ra6 Kd7 55. d5 Ke7 56. Rb6 Kd7 57. Rb7+ Kd6 58. Rxf7 Rxh4 59. Rf6+ Kxd5 60. Kf3 Rh6 61. Kg4 Ke4 62. Re6+ Kd5 63. Ra6 Ke4 64. Kg5 Rh1 65. Ra4+ Kd5 66. Kxg6 Rc1 67. f5 Ke5 68. Ra5+ 1-0

[Event "Titled Tuesday intern op 09th Jan Early"]
[Site "Chess.com INT"]
[Date "2024.01.09"]
[Round "5"]
[White "Skatchkov, Valery"]
[Black "Bindrich, Falko"]
[Result "0-1"]
[WhiteElo "2213"]
[BlackElo "2584"]
[PlyCount "58"]
[EventDate "2024.01.09"]
[EventType "swiss (blitz)"]
[EventRounds "11"]
[EventCountry "USA"]
[SourceTitle "CB03_2024"]
[SourceDate "2024.01.17"]
[SourceVersion "1"]
[SourceVersionDate "2024.01.17"]
[SourceQuality "1"]

1. d4 d5 2. c4 e6 3. Nf3 Nf6 4. g3 Bb4+ 5. Nbd2 0-0 6. Bg2 b6 7. 0-0 Bb7 8. Ne5 Re8 9. Qc2 h6 10. b3 c5 11. Ndf3 Nbd7 12. a3 Ba5 13. Rd1 Rc8 14. Qb2 b5 15. dxc5 bxc4 16. bxc4 Nxc5 17. Be3 Bb6 18. Rac1 Qe7 19. Nd4 Nfe4 20. cxd5 Bxd5 21. Nc4 Na4 22. Qb4 Qxb4 23. axb4 Nec3 24. Nxb6 axb6 25. Re1 Rc4 26. b5 Rec8 27. Nc6 Kf8 28. Bf4 Nxb5 29. Rc3 Nbxc3 0-1

[Event "Titled Tuesday intern op 09th Jan Early"]
[Site "Chess.com INT"]
[Date "2024.01.09"]
[Round "3"]
[White "Skatchkov, Valery"]
[Black "Pakleza, Zbigniew"]
[Result "0-1"]
[WhiteElo "2213"]
[BlackElo "2482"]
[PlyCount "88"]
[EventDate "2024.01.09"]
[EventType "swiss (blitz)"]
[EventRounds "11"]
[EventCountry "USA"]
[SourceTitle "CB03_2024"]
[SourceDate "2024.01.17"]
[SourceVersion "1"]
[SourceVersionDate "2024.01.17"]
[SourceQuality "1"]

1. d4 d6 2. e4 Nf6 3. Nc3 c6 4. Nf3 Bg4 5. Be2 e6 6. 0-0 d5 7. Bg5 Be7 8. Bxf6 Bxf6 9. e5 Be7 10. h3 Bf5 11. Na4 Nd7 12. b4 Bxb4 13. Rb1 Qa5 14. c3 Bxb1 15. cxb4 Qxb4 16. Qxb1 Qxa4 17. Qxb7 Rd8 18. Bd1 Qb5 19. Qc7 0-0 20. Bc2 Qb6 21. Qd6 c5 22. Qe7 h6 23. Rb1 Qc6 24. Bd3 cxd4 25. Qh4 Rb8 26. Rd1 Nc5 27. Nxd4 Qc7 28. Bf1 Qxe5 29. Nc6 Qg5 30. Qxg5 hxg5 31. Nxb8 Rxb8 32. Rc1 Ne4 33. Rc7 Rb1 34. Rc2 d4 35. g3 Nc3 36. Kg2 Ra1 37. Bc4 g6 38. f4 gxf4 39. gxf4 a5 40. Rd2 Rd1 41. Rc2 Kg7 42. Bb3 Kf6 43. Rxc3 Rd2+ 44. Kf3 dxc3 0-1

[Event "Titled Tuesday intern op 12th Dec Early"]
[Site "Chess.com INT"]
[Date "2023.12.12"]
[Round "3"]
[White "Skatchkov, Valery"]
[Black "Shankland, Samuel L"]
[Result "0-1"]
[WhiteElo "2213"]
[BlackElo "2674"]
[PlyCount "64"]
[EventDate "2023.12.12"]
[EventType "swiss (blitz)"]
[EventRounds "11"]
[EventCountry "USA"]
[SourceTitle "CB51_2023"]
[SourceDate "2023.12.20"]
[SourceVersion "1"]
[SourceVersionDate "2023.12.20"]
[SourceQuality "1"]

1. d4 d5 2. c4 c6 3. Nf3 Nf6 4. Nc3 e6 5. g3 dxc4 6. Bg2 Nbd7 7. 0-0 b5 8. e4 Bb7 9. e5 Nd5 10. Ng5 h6 11. Nxe6 fxe6 12. Qh5+ Ke7 13. Ne4 Qe8 14. Bg5+ hxg5 15. Qxh8 Kd8 16. Nxg5 Qe7 17. Qh5 N7b6 18. Qg6 Bc8 19. f4 Kc7 20. Bh3 Na4 21. Rf2 Kb6 22. Bxe6 Bxe6 23. Nxe6 Qe8 24. Nxf8 Qxf8 25. b3 cxb3 26. axb3 Nac3 27. f5 Qb4 28. Rd2 Ne2+ 29. Rxe2 Qxd4+ 30. Kg2 Qxa1 31. Qxg7 Qd1 32. Re4 Qc2+ 0-1

[Event "Titled Tuesday intern op 24th Oct Late"]
[Site "Chess.com INT"]
[Date "2023.10.24"]
[Round "8"]
[White "Buchenau, Frank"]
[Black "Skatchkov, Valery"]
[Result "1/2-1/2"]
[WhiteElo "2135"]
[BlackElo "2213"]
[PlyCount "119"]
[EventDate "2023.10.24"]
[EventType "swiss (blitz)"]
[EventRounds "11"]
[EventCountry "USA"]
[SourceTitle "Mega2024 Update 01"]
[Source "Chessbase"]
[SourceDate "2023.11.12"]
[SourceVersion "1"]
[SourceVersionDate "2023.11.12"]
[SourceQuality "1"]

1. e4 e5 2. Bc4 Nf6 3. d3 c6 4. Nf3 d5 5. Bb3 a5 6. a4 Bb4+ 7. c3 Bd6 8. exd5 Nxd5 9. Nbd2 Nd7 10. Ne4 Bc7 11. 0-0 0-0 12. d4 h6 13. Re1 exd4 14. Qxd4 Bb6 15. Qd3 Nc5 16. Nxc5 Bxc5 17. Bxd5 cxd5 18. Be3 Bd6 19. Rad1 Be6 20. Nd4 Qh4 21. g3 Qh3 22. Nxe6 fxe6 23. Bd4 Rf7 24. f4 Qg4 25. Qe2 Qxe2 26. Rxe2 Re7 27. Rde1 Kf7 28. Kg2 Rb8 29. Bb6 Ra8 30. Kf3 g6 31. g4 Rc8 32. Bd4 Rb8 33. h4 b5 34. axb5 Rxb5 35. h5 gxh5 36. gxh5 Rb8 37. Rg1 Rf8 38. Bg7 Rg8 39. Reg2 Bc5 40. Bd4 Rxg2 41. Rxg2 Bxd4 42. cxd4 Rb7 43. f5 exf5 44. Kf4 Rb4 45. Ke5 Rb3 46. Kxd5 Rh3 47. Kc6 Rxh5 48. d5 Rh1 49. d6 Rc1+ 50. Kd7 Rd1 51. Rf2 Kf6 52. Kc7 Rc1+ 53. Kd7 Rd1 54. Kc7 Ke5 55. Re2+ Kf4 56. d7 Rc1+ 57. Kb7 Rd1 58. Kc7 Rc1+ 59. Kb7 Rd1 60. Kc7 1/2-1/2

[Event "Titled Tuesday intern op 24th Oct Late"]
[Site "Chess.com INT"]
[Date "2023.10.24"]
[Round "2"]
[White "Skatchkov, Valery"]
[Black "De Souza, Arthur Olintho"]
[Result "1-0"]
[WhiteElo "2213"]
[BlackElo "2113"]
[PlyCount "39"]
[EventDate "2023.10.24"]
[EventType "swiss (blitz)"]
[EventRounds "11"]
[EventCountry "USA"]
[SourceTitle "Mega2024 Update 01"]
[Source "Chessbase"]
[SourceDate "2023.11.12"]
[SourceVersion "1"]
[SourceVersionDate "2023.11.12"]
[SourceQuality "1"]

1. d4 Nf6 2. c4 c5 3. d5 b5 4. cxb5 a6 5. e3 axb5 6. Bxb5 Qa5+ 7. Nc3 Ne4 8. Be2 Nxc3 9. bxc3 Qxc3+ 10. Bd2 Qf6 11. Nf3 d6 12. 0-0 g6 13. Rc1 Rg8 14. Bc3 Qf5 15. Nd2 Ba6 16. Bg4 Qxd5 17. Bf3 Qxa2 18. Ra1 Qe6 19. Bxa8 Bxf1 20. Qxf1 1-0

[Event "RUS-chT Rapid"]
[Site "Sochi"]
[Date "2023.10.19"]
[Round "6.27"]
[White "Drygalov, Sergey"]
[Black "Skatchkov, Valery"]
[Result "1-0"]
[WhiteElo "2547"]
[BlackElo "2213"]
[PlyCount "119"]
[EventDate "2023.10.18"]
[EventType "team-swiss (rapid)"]
[EventRounds "9"]
[EventCountry "RUS"]
[SourceTitle "Mega2024 Update 01"]
[Source "Chessbase"]
[SourceDate "2023.11.12"]
[SourceVersion "1"]
[SourceVersionDate "2023.11.12"]
[SourceQuality "1"]
[WhiteTeam "Krasnoyarsk Region Enisey"]
[BlackTeam "Moscow Temus Tim"]
[WhiteTeamCountry "RUS"]
[BlackTeamCountry "RUS"]

1. d4 Nf6 2. c4 e6 3. Nf3 d5 4. g3 Bb4+ 5. Bd2 a5 6. Bg2 c5 7. cxd5 cxd4 8. Nxd4 Qb6 9. e3 exd5 10. Nc3 Nc6 11. a3 Be7 12. Na4 Qd8 13. Nxc6 bxc6 14. Rc1 Ba6 15. Rxc6 Bb5 16. Rb6 Bd7 17. Bc3 0-0 18. Bd4 Qc8 19. Nc3 Bd8 20. Rxf6 gxf6 21. 0-0 Bh3 22. Bxh3 Qxh3 23. Nxd5 Qf5 24. e4 Qxe4 25. Bxf6 Qe6 26. Re1 Bxf6 27. Rxe6 fxe6 28. Qg4+ Bg7 29. Nc7 Rab8 30. Nxe6 Rf7 31. h4 Rxb2 32. Nxg7 Rxg7 33. Qc8+ Kf7 34. Qd7+ Kf8 35. Qd6+ Kf7 36. h5 Re2 37. Qd5+ Kf8 38. Qxa5 Rf7 39. Qc5+ Kg7 40. Qg5+ Kf8 41. Qc5+ Kg7 42. a4 Ra2 43. Qg5+ Kf8 44. a5 Ra1+ 45. Kg2 Ra2 46. Qc5+ Kg7 47. g4 h6 48. Kg3 Ra4 49. f3 Raf4 50. Qe5+ R4f6 51. a6 Kg8 52. Qe8+ Rf8 53. Qe4 R8f7 54. Qa8+ Kg7 55. Kg2 Rf8 56. Qb7+ R8f7 57. Qa8 Rf8 58. Qa7+ Kg8 59. Qb7 R8f7 60. a7 1-0

[Event "RUS-chT Blitz"]
[Site "Sochi"]
[Date "2023.10.17"]
[Round "5.19"]
[White "Afanasiev, Nikita"]
[Black "Skatchkov, Valery"]
[Result "1-0"]
[WhiteElo "2533"]
[BlackElo "2213"]
[PlyCount "125"]
[EventDate "2023.10.17"]
[EventType "team-swiss (blitz)"]
[EventRounds "13"]
[EventCountry "RUS"]
[SourceTitle "Mega2024 Update 01"]
[Source "Chessbase"]
[SourceDate "2023.11.12"]
[SourceVersion "1"]
[SourceVersionDate "2023.11.12"]
[SourceQuality "1"]
[WhiteTeam "Moscow ShSM"]
[BlackTeam "Moscow Temus Tim"]
[WhiteTeamCountry "RUS"]
[BlackTeamCountry "RUS"]

1. b3 d5 2. Bb2 Nf6 3. e3 c5 4. Bb5+ Bd7 5. c4 Bxb5 6. cxb5 g6 7. Nf3 Bg7 8. 0-0 0-0 9. a4 Qd6 10. d3 Nbd7 11. Na3 Rfe8 12. Re1 e5 13. e4 Rad8 14. Qc2 Re7 15. Rad1 h6 16. Qb1 Qc7 17. Qa1 Rde8 18. Rd2 a6 19. Rde2 Kh7 20. g3 axb5 21. Nxb5 Qb8 22. Qc1 Re6 23. Kg2 Qc8 24. h4 Qc6 25. Nc3 b6 26. Qc2 Qb7 27. h5 g5 28. d4 dxe4 29. d5 Kh8 30. dxe6 exf3+ 31. Kg1 fxe2 32. exd7 Nxd7 33. Qxe2 e4 34. Rd1 e3 35. Nd5 exf2+ 36. Qxf2 Ne5 37. Qf5 Qc8 38. Qxc8 Rxc8 39. Nxb6 Rb8 40. a5 Nf3+ 41. Kf2 Nd4 42. b4 Nc6 43. Bxg7+ Kxg7 44. bxc5 Nxa5 45. Rd7 Nb3 46. Nc4 Nxc5 47. Rc7 Ne6 48. Rd7 Rd8 49. Rb7 Rd5 50. Ne3 Rc5 51. g4 Rc7 52. Nf5+ Kh7 53. Rb4 Ra7 54. Ke3 Ng7 55. Nd4 Ra3+ 56. Kf2 Ra5 57. Rb7 Kg8 58. Rb8+ Kh7 59. Rb7 Rd5 60. Nc6 f5 61. Ne7 Rd2+ 62. Ke3 Rd5 63. Nxd5 1-0

[Event "RUS-ch Rapid"]
[Site "Sochi"]
[Date "2023.10.15"]
[Round "3"]
[White "Skatchkov, Valery"]
[Black "Salemgareev, Tagir"]
[Result "1/2-1/2"]
[WhiteElo "2213"]
[BlackElo "2453"]
[PlyCount "115"]
[EventDate "2023.10.15"]
[EventType "swiss (rapid)"]
[EventRounds "11"]
[EventCountry "RUS"]
[SourceTitle "Mega2024 Update 01"]
[Source "Chessbase"]
[SourceDate "2023.11.12"]
[SourceVersion "1"]
[SourceVersionDate "2023.11.12"]
[SourceQuality "1"]

1. d4 Nf6 2. c4 e6 3. Nf3 b6 4. g3 Ba6 5. b3 Bb4+ 6. Bd2 Be7 7. Bg2 c6 8. Bc3 d5 9. 0-0 0-0 10. Ne5 Nfd7 11. Nd3 Nf6 12. Nd2 Nbd7 13. e4 Rc8 14. Nf4 dxe4 15. Nxe4 b5 16. Nxf6+ Bxf6 17. Bb4 c5 18. dxc5 Nxc5 19. Rc1 bxc4 20. bxc4 Qc7 21. Qg4 Rfe8 22. Nh5 Be5 23. Bc3 f5 24. Bxe5 Qxe5 25. Qg5 Nd3 26. Rcd1 Bxc4 27. h4 Ba6 28. Rd2 Rc7 29. Rfd1 Nc5 30. Rd8 Rxd8 31. Rxd8+ Kf7 32. Rh8 h6 33. Qd8 Rc8 34. Rf8+ Kg6 35. Nf4+ Qxf4 36. gxf4 Rxd8 37. Rxd8 Kh5 38. Rd6 Bb5 39. Bd5 Kxh4 40. a3 exd5 41. Rxd5 Kg4 42. Rxc5 a6 43. Rc7 g5 44. fxg5 hxg5 45. a4 Be2 46. Rc2 Kf3 47. Rc3+ Kf4 48. Re3 Bd1 49. Rd3 Be2 50. Rd2 Kf3 51. Rd5 Kf4 52. Rd8 Kf3 53. Rg8 g4 54. Rc8 f4 55. Rc3+ Ke4 56. Kg2 Kd4 57. Rc7 Bf3+ 58. Kh2 1/2-1/2

[Event "RUS-ch Rapid"]
[Site "Sochi"]
[Date "2023.10.15"]
[Round "4"]
[White "Smirnov, Pavel"]
[Black "Skatchkov, Valery"]
[Result "1-0"]
[WhiteElo "2538"]
[BlackElo "2213"]
[PlyCount "55"]
[EventDate "2023.10.15"]
[EventType "swiss (rapid)"]
[EventRounds "11"]
[EventCountry "RUS"]
[SourceTitle "Mega2024 Update 01"]
[Source "Chessbase"]
[SourceDate "2023.11.12"]
[SourceVersion "1"]
[SourceVersionDate "2023.11.12"]
[SourceQuality "1"]

1. d4 Nf6 2. c4 e6 3. g3 d5 4. Nf3 h6 5. Bg2 Bd6 6. 0-0 0-0 7. Nbd2 Nc6 8. b3 b6 9. Bb2 Bb7 10. Rc1 Qe7 11. Ne5 Na5 12. Bc3 c5 13. dxc5 Bxc5 14. e3 Bb4 15. Qe2 Rac8 16. Bxb4 Qxb4 17. cxd5 Bxd5 18. Nd3 Qa3 19. e4 Bb7 20. e5 Nd5 21. Ne4 Ba6 22. Rxc8 Rxc8 23. Nd6 Rc3 24. Bxd5 Rxd3 25. Qh5 g6 26. Qxh6 exd5 27. Ne8 Rf3 28. Qg7# 1-0